000 00789cam a22002773a 4500
001 22912
003 PGUSA
005 20140828083504.0
008 071007s2007||||xxu|||||s|||||000 1 eng d
040 _aPGUSA
_beng
042 _adc
050 4 _aPZ
100 1 _aWhitehill, Dorothy
245 1 0 _aPhyllis :
_bA Twin
_h[electronic resource] /
_cDorothy Whitehill
260 _bProject Gutenberg,
_c2007
506 _aPublic domain in the USA.
516 _aElectronic text
653 _aFriendship -- Juvenile fiction
653 _aSchools -- Juvenile fiction
653 _aSisters -- Juvenile fiction
653 _aTwins -- Juvenile fiction
700 1 _aGooch, Thelma
830 0 _aProject Gutenberg
_v22912
856 4 0 _uhttp://www.gutenberg.org/ebooks/22912
942 _cEB
999 _c252167
_d252167